000 00530nam a22001457a 4500
005 20250730103543.0
008 250730b |||||||| |||| 00| 0 eng d
050 _aTHE JQ 2947 .W98 2015
_bC.1
100 _aWYTHINE B. SAMWEL
245 _aAN ASSESSMENT OF PUBLIC PROCUREMENT OVERSIGHT AUTHORITY STRATEGIES ON PROCUREMENT PRACTICES IN PUBLIC SECTOR IN KENYA
_bA CASE STUDY OF KISII CENTRAL SUB-COUNTY, KISII COUNTY
260 _aKISII
_bKSU
_c2015
300 _aX, 46P., ILL:
500 _aINCLUDES REFERENCES
942 _2lcc
_cREF
999 _c215979
_d215979